| 000 | 01000nam a2200241Ia 4500 | ||
|---|---|---|---|
| 001 | 19454 | ||
| 003 | GE_BSU | ||
| 008 | 181216s||||||||xx |||||||||||||| ||und|| | ||
| 040 | _cGE_BSU | ||
| 080 | _a811.353.1'342 | ||
| 100 | _aერთელიშვილი, ფ. | ||
| 245 | _aსახელურ ფუძეთა ფონემატური სტრუქტურისა და ისტორიის საკითხები ქართულში | ||
| 245 | _cრედ.: თ. უთურგაიძე | ||
| 260 | _aთბილისი | ||
| 260 | _bთბილ. უნ-ტის გამ-ბა, | ||
| 260 | _c1980 | ||
| 300 | _a232გვ, 22სმ. | ||
| 300 | _bდამუშავების წყაროების სია და შემოკლებანი გვ.228-231. | ||
| 541 | _h2ლ.80თ. | ||
| 653 | _aქართული ენა | ||
| 653 | _aქართული ენის ფონეტიკა; | ||
| 942 | _cBK | ||
| 999 |
_c52432 _d52432 |
||